Adkin's landlord and tenant (Record no. 86901)

MARC details
000 -LEADER
fixed length control field 00573cam a2200217 4500
008 - FIXED-LENGTH DATA ELEMENTS--GENERAL INFORMATION
fixed length control field 090401t1973 xxu||||| |||| 00| 0 eng d
020 ## - INTERNATIONAL STANDARD BOOK NUMBER
International Standard Book Number 0900361441
035 ## - SYSTEM CONTROL NUMBER
System control number (Sirsi) u11726
041 ## - LANGUAGE CODE
Language code of text/sound track or separate title eng
050 ## - LIBRARY OF CONGRESS CALL NUMBER
Classification number 346.410434
100 ## - MAIN ENTRY--PERSONAL NAME
Personal name Walton
Relator term Sir, Raymond
245 ## - TITLE STATEMENT
Title Adkin's landlord and tenant
250 ## - EDITION STATEMENT
Edition statement 17th
260 ## - PUBLICATION, DISTRIBUTION, ETC.
Place of publication, distribution, etc. London
Name of publisher, distributor, etc. Estates Gazette
Date of publication, distribution, etc. 1973
300 ## - PHYSICAL DESCRIPTION
Extent xxxiii, 454p. forms. 23cm. index
350 ## - PRICE (NR) (BK AM CF MU VM SE) [OBSOLETE]
Price 4
520 ## - SUMMARY, ETC.
Summary, etc. 17th ed. by Sir Raymond Walton and Michael Essayan
700 1# - ADDED ENTRY--PERSONAL NAME
Personal name Essayan, Michael
942 ## - ADDED ENTRY ELEMENTS (KOHA)
Suppress in OPAC 0
948 ## - LOCAL PROCESSING INFORMATION (OCLC); SERIES PART DESIGNATOR (RLIN)
c (OCLC) 04/03/1997
Holdings
Withdrawn status Lost status Source of classification or shelving scheme Damaged status Not for loan Home library Current library Shelving location Date acquired Cost, normal purchase price Total Checkouts Full call number Barcode Date last seen Copy number Cost, replacement price Price effective from Koha item type
    Dewey Decimal Classification     London London Basement 14/09/1999 4.00   SHELF 113 30015409 06/08/2019 1 4.00 06/08/2019 Reference material